Central Library OPAC University of Rajshahi

لسان العصر / Lisānulʻaṣr / (Record no. 83363)

MARC details
000 -LEADER
fixed length control field 01048cam a22002657a 4500
001 - CONTROL NUMBER
control field 83363
003 - CONTROL NUMBER IDENTIFIER
rucl marc code BD-RjUL
005 - DATE AND TIME OF LATEST TRANSACTION
control field 20240314142458.0
008 - FIXED-LENGTH DATA ELEMENTS--GENERAL INFORMATION
fixed length control field m1931 pk a 000 0 urd
035 ## - SYSTEM CONTROL NUMBER
System control number (BD-RjUL) 83363
040 ## - CATALOGING SOURCE
Original cataloging agency DLC
Transcribing agency DLC
Modifying agency DLC
Language of cataloging eng
041 ## - LANGUAGE CODE
Language code of text/sound track or separate title urd
082 ## - DEWEY DECIMAL CLASSIFICATION NUMBER
Edition number 23
Classification number 891.43909
Author mark and year TAL 1931
100 0# - MAIN ENTRY--PERSONAL NAME
Personal name Tariq, Abdur Rahman,طارق٫ عبدالرحمن
Dates associated with a name 1846-1921.
9 (RLIN) 12345
245 10 - TITLE STATEMENT
Title لسان العصر / Lisānulʻaṣr /
Statement of responsibility, etc. عبد الرحمن طارق ;; Abdul Rehman Tariq
246 30 - VARYING FORM OF TITLE
Title proper/short title Lisānulʻaṣr
260 ## - PUBLICATION, DISTRIBUTION, ETC. (IMPRINT)
Place of publication, distribution, etc. Lahore :
Name of publisher, distributor, etc. Nāmī Pres,
Date of publication, distribution, etc. 1931-
300 ## - PHYSICAL DESCRIPTION
Pagination 328 p. ;
Size 17 cm.
500 ## - GENERAL NOTE
General note Poems.
520 ## - SUMMARY, ETC.
Summary, etc. Complete works.
650 ## - SUBJECT ADDED ENTRY--TOPICAL TERM
Topical term or geographic name as entry element Urdu Poetry
Form subdivision Criticism, interpretation
9 (RLIN) 8496
942 ## - ADDED ENTRY ELEMENTS (KOHA)
Source of classification or shelving scheme Dewey Decimal Classification
Koha item type Books
Holdings
Lost status Source of classification or shelving scheme Damaged status Not for loan Collection code Permanent Location Current Location Shelving location Date acquired Source of acquisition Cost, normal purchase price Total Checkouts Full call number Date last seen Copy number Koha item type
  Dewey Decimal Classification   Not For Loan Non-fiction Central Library, University of Rajshahi Central Library, University of Rajshahi Reading Room 16/05/1967 Sh. Mubarak Ali 4.00   U 891.439 TAL 1931 14/03/2024 C-1 Books